| 000 | 01326nam a22003737a 4500 | ||
|---|---|---|---|
| 003 | CHAP | ||
| 005 | 20220329135538.0 | ||
| 008 | 971013s1977 r 00010 d | ||
| 010 | _a38291 | ||
| 011 | _a39263 | ||
| 035 | _a43383 | ||
| 040 | _cCHAP | ||
| 082 |
_a631.42 _bP4 |
||
| 100 | 0 | 0 |
_aPeck, T. R. _986478 |
| 245 |
_aSoil testing, correlating and interpreting the analytical results _b: proceedings of a symposium... |
||
| 260 |
_aMadison, Wis. : _bAmerican Society of Agronomy, _c1977 |
||
| 300 |
_a117 p. _b: gráfs. |
||
| 490 |
_aSpecial publication _v; 29 |
||
| 590 |
_aBATCH-UPD _b10 _c20130110 _lUCH01 _h0306 |
||
| 590 |
_aBATCH-UPD _b10 _c20130110 _lUCH01 _h1611 |
||
| 590 |
_aBATCH-UPD _b10 _c20130409 _lUCH01 _h2338 |
||
| 590 |
_aBATCH-UPD _b10 _c20130914 _lUCH01 _h1833 |
||
| 590 |
_aCONVERSION _b10 _c20130109 _lUCH01 _h1321 |
||
| 650 | 1 | 4 |
_aMuestreo de suelos. _979287 |
| 650 | 1 | 4 |
_aSuelos _xAnálisis. _9110204 |
| 700 | 0 |
_aCope, J. T., Jr. _927870 |
|
| 700 | 0 |
_aWhitney, D. A. _9121764 |
|
| 710 | 0 |
_aAmerican Society of Agronomy. Madison, Wis. _95293 |
|
| 830 | 0 |
_aSpecial publication _v; 29 _9109152 |
|
| 901 | _aBK | ||
| 942 | _cLIBRO | ||
| 949 |
_a631.42 P4 _bBC _cLIBRO _d33724000066981 _eLIBRO _h50333 _i43383 _si _t138.00 |
||
| 949 |
_a631.42 P4 _bBC _cLIBRO _d33724000066999 _eLIBRO _fc.2 _h50334 _i43383 _si _t138.00 |
||
| 999 |
_c38291 _d38291 |
||